000 01038nam0a22002411i 4500
001 rc\3419666
005 20240726060525.0
021 _aRU
_b[69-103145]
035 _a(NLR Aleph) 007581811
090 _a5516664
_c5516664
100 _a20130115d1969 |||y0rusy50 ca
101 0 _arus
102 _aRU
105 _ay d |||||
200 1 _aЦиклопропановый наркоз
_e(Влияние на основные функции организма, показания, противопоказания)
_eАвтореф. дис. на соискание учен. степени канд. мед. наук
_e(777)
_f1-й Моск. мед. ин-т им. И.М. Сеченова
210 _aМосква
_d1969
215 _a18 с.
606 _aНаркоз
_xИнгаляционный
_xИнтратрахеальный интубационный
_xЦиклопропановый
_2psbo
700 1 _aГостищева
_bС.С.
801 0 _aRU
_bNLR
_gpsbo
801 1 _aRU
_bELAR
_2rusmarc
852 _aNLR
_j69-4/34844
942 _cBOOK